Introduzione alla topologia /

Guardado en:
Autor Principal: Conforto, Fabio, 1909-1954.
Otros Autores: Benedicty, Mario. (Editor )
Formato: Libro
Idioma:Italian
Publicado: Roma : Edizioni Cremonese, [1960]
Series:Monografie matematiche ; 6.
Materias:
Etiquetas: Agregar Etiqueta
Sin Etiquetas, Sea el primero en etiquetar este registro!
LEADER 00952cam a22002411a 4500
001 MAT.inmabb005579
008 750314s1960####xx############000#0#ita##
005 20130314122346.0
245 0 0 |a Introduzione alla topologia /  |c [di] Fabio Conforto [e] Mario Benedicty. 
260 |a Roma :  |b Edizioni Cremonese,  |c [1960] 
300 |a viii, 192 p. ;  |c 24 cm. 
490 1 |a Consiglio nazionale delle ricerche. Monografie matematiche ;  |v 6 
500 |a Notes from the lectures of Fabio Conforto, made during his last 5 years of teaching at the University of Rome, selected, edited, and enlarged upon by Mario Benedicty. 
504 |a Bibliografía: p. [187] 
510 4 |a MR,  |c 36 #2103 
100 1 |a Conforto, Fabio,  |d 1909-1954. 
700 1 |a Benedicty, Mario.  |4 edt 
830 0 |a Monografie matematiche ;  |v 6. 
650 0 |a Topology. 
084 |a 54-01 (55-01)  |2 msc2000 
010 |a  64051416  
040 |a DLC  |c OYU  |d DLC 
859 |h 54  |i C748  |p A-2759  |b BIB. MATEMATICA